| 000 | 00388cam a22001217a 4500 | ||
|---|---|---|---|
| 008 | 180718b1954 xxu||||| |||| 00| 0 eng d | ||
| 082 | _aA81x5433 In2/51/22 | ||
| 100 | _aCensus of India 1951 | ||
| 245 | _aHimachal Pradesh district census handbooks, Mahasu | ||
| 260 |
_aSimla _bHimachal Government _c1954 |
||
| 300 | _a834+p. | ||
| 440 | _aCensus of India 1951. Volume XXII, Himachal Pradesh | ||
| 999 |
_c483799 _d483799 |
||